1682 1687 1382 1564 1108 1917 1884 1314 1924 1386 1886 1308 1215 1136 1633 1022 1578 1444 1908 1695 1142 1134 1716 1444 1391 1294 1395 1455 1475 1374 1212 1422 1106 1751 1875 1030 1057 1043 1613 1413 1318 1281 1309 1324 1328 1893 1094 1331 1180 1214 1527 1071 1409 1358 1602 1026 1478 1633 1043 1571 1655 1912 1778 1950 1323 1012 1409 1434 1198 1841 1563 1720 1173 1829 1310 1588 1863 1714 1741 1599 1827 1914 1696 1053 1140 1695 1760 1745 1769 1150 1972 1043 1236 1476 1419 1041 1687 1481 1303 BCNSPRNW ULIB Ver.6.0+V

เปลี่ยนเป็นภาษาไทย

Change to English
 แสดงรายละเอียดบรรณานุกรม
  กลับหน้าหลัก

Brief Record : Get Marc (ISO 2709) : E-mail record : QR code < ปิดหน้าต่าง
LEADER : 00000nam 2200000uu 4500
001    13399111766
003     ULIB
008    110627s2552||||th 000 0 tha d
020    9786167081212
090    นว.^bบ825ย 2552
100 0  เบลล์ซาซ่า
245 00 ยั่วรัก/^cเบลล์ซาซ่า
250    พิมพ์ครั้งที่ 1
260    นนทบุรี :^bสมาร์ทบุ๊ค,^c2552
300    416 หน้า
945    ^p270^l0^i028070
995    ทศพร
999 ^a ใช้งานได้ทุกระบบ
รายการนี้ยังไม่มีแท็ก
คุณยังไม่ได้ล็อกอิน คุณสามารถมีกิจกรรมร่วมกับเว็บไซต์ได้ แต่ต้องล็อกอินก่อน ::
  ล็อกอิน

รายการสื่อสารสนเทศ

ลำดับที่ ประเภท เลขเรียก/บาร์โค้ด สถานที่ สถานะ
- ไม่พบข้อมูล -

รายการใกล้เคียง
    ผู้แต่ง [เบลล์ซาซ่า]

BibComment


ยังไม่เคยถูกคอมเมนท์

คอมเมนท์ทรัพยากรรายการนี้
  คอมเมนท์: ยั่วรัก เบลล์ซาซ่า


 Copyright 2026. Bcnsprnw @Library